Cities With One Million People by Letter - P - Statistics

General Stats
  • This quiz has been taken 1,417 times
  • The average score is 16 of 24
Answers on the Map
Answers color-coded by a green-red scale on the quiz's map according to % correct below.
 
Answer Stats
City % Correct
Paris
98%
Panama City
96%
Porto
95%
Perth
94%
Pyongyang
94%
Philadelphia
93%
Portland
93%
Prague
92%
Port-au-Prince
91%
Phoenix
90%
Phnom Penh
85%
Pittsburgh
84%
Porto Alegre
67%
Port Elizabeth
64%
Pune
63%
Puebla
58%
Perm
49%
Port Harcourt
49%
Peshawar
39%
Patna
35%
Palembang
34%
Pointe-Noire
29%
Pekanbaru
15%
Putian
14%
No matching quizzes found
Score Distribution
Percent of People with Each Score
Percentile by Number Answered
Your Score History
You have not taken this quiz